00637cam a22002177a 4500003000500000005001700005008004100022010000900063011000900072035000900081040000900090082002100099110007300120245006400193260003300257300001000290650003000300650002600330700003500356700002800391CHAP20220329133543.0971013s1983 r 00010 d a7791 a8763 a7993 cCHAP a580.972bU55 v.2 aUniversidad Nacional Autónoma de México. Instituto de Biología 0aListados florísticos de Méxicob: flora de Quintana Roo aMéxico, D.F.:bUNAM,c1983 a100 p14aBotánicaxQuintana Roo.14aBotánicazMéxico.0 aCabrera Cano, Edgar Francisco.0 aSousa Sánchez, Mario.